| 000 | 00425nam a22001697a 4500 | ||
|---|---|---|---|
| 003 | NUST - PNEC | ||
| 005 | 20170116180919.0 | ||
| 008 | 150904b xxu||||| |||| 00| 0 eng d | ||
| 020 | _a0750657618 | ||
| 040 | _cLIBRARY | ||
| 082 | _a621 DAR | ||
| 100 |
_97635 _aDarbyshire, Alan |
||
| 245 |
_aMechanical engineering _cAlan Darbyshire |
||
| 260 | _cc.2003 | ||
| 650 |
_97638 _aMechanical Engineering _xME |
||
| 942 |
_2ddc _cBK |
||
| 999 |
_c65554 _d65554 |
||